Statistics for Countries and Regions with a State Religion

Click here to take the quiz!

General Stats

  • This quiz has been taken 41 times
  • The average score is 32 of 77

Answer Stats

Answer% Correct
Shia IslamIran
90%
Sunni IslamSaudi Arabia
90%
Islam (Nondenominational)Iraq
87%
Islam (Nondenominational)Oman
87%
AtheismChina
83%
Islam (Nondenominational)Pakistan
83%
CatholicismVatican City
83%
Islam (Nondenominational)Yemen
83%
Islam (Nondenominational)Qatar
80%
Islam (Nondenominational)U.A.E.
80%
Sunni IslamAlgeria
77%
Islam (Nondenominational)Egypt
77%
Islam (Nondenominational)Jordan
77%
Islam (Nondenominational)Morocco
77%
AtheismNorth Korea
77%
Protestantism (Lutheranism)Norway
77%
Islam (Nondenominational)Afghanistan
73%
Islam (Nondenominational)Bahrain
73%
BuddhismCambodia
73%
Islam (Nondenominational)Libya
73%
Islam (Nondenominational)Tunisia
73%
Islam (Nondenominational)Bangladesh
70%
BuddhismBhutan
70%
Sunni IslamBrunei
70%
Protestantism (Lutheranism)Denmark
70%
Protestantism (Lutheranism)Iceland
70%
Islam (Nondenominational)Kuwait
70%
Sunni IslamMalaysia
70%
AtheismCuba
67%
Sunni IslamMauritania
67%
AtheismVietnam
67%
Sunni IslamSomalia
63%
BuddhismSri Lanka
63%
Eastern OrthodoxyGreece
60%
CatholicismMonaco
53%
Islam (Nondenominational)Djibouti
50%
CatholicismLiechtenstein
50%
Sunni IslamMaldives
50%
CatholicismMalta
50%
Sunni IslamComoros
47%
Islam (Nondenominational)Palestine
43%
Christianity (Nondenominational)Samoa
33%
Protestantism (Anglicanism)England
30%
Protestantism (Lutheranism)Greenland
27%
Protestantism (Anglicanism)Guernsey
23%
Protestantism (Anglicanism)Jersey
23%
Protestantism (Calvinism)Tuvalu
23%
Protestantism (Lutheranism)Faroe Islands
20%
Protestantism (Anglicanism)Isle of Man
20%
Christianity (Nondenominational)Zambia
20%
CatholicismCosta Rica
17%
Islam (Nondenominational)Western Sahara
17%
Judaism, Catholicism, Lutheranism, and CalvinismAlsace-Moselle
(incl. Bas-Rhin, Haut-Rhin, Moselle)
7%
Protestantism (Calvinism)Appenzell Ausserrhoden
7%
CatholicismAppenzell Innerrhoden
7%
Calvinism and CatholicismAargau
3%
Calvinism and CatholicismBasel-Landschaft
3%
Calvinism and CatholicismBasel-Stadt
3%
Calvinism and CatholicismBern
3%
CatholicismFribourg
3%
Calvinism and CatholicismGlarus
3%
Calvinism and CatholicismGrisons
3%
CatholicismJura
3%
CatholicismLucerne
3%
CatholicismNidwalden
3%
Protestantism (Calvinism)Obwalden
3%
Calvinism and CatholicismSchaffhausen
3%
Calvinism and CatholicismSchwyz
3%
CatholicismSolothurn
3%
CatholicismSt. Gallen
3%
Calvinism and CatholicismThurgau
3%
CatholicismTicino
3%
Calvinism and CatholicismUri
3%
CatholicismValais
3%
Calvinism and CatholicismVaud
3%
Calvinism and CatholicismZug
3%
Protestantism (Calvinism)Zurich
3%

Score Distribution

Percentile by Number Answered

Percent of People with Each Score

Your Score History

You have not taken this quiz